000 00348pab a2200133 454500
008 180718b1984 xxu||||| |||| 00| 0 eng d
245 _aAdult education drive launched by Jammu University
260 _c1984
300 _a10
362 _a1 Oct.
650 _aAdult Education - India - Jammu And Kashmir
773 _aUniversity News
909 _a3304
999 _c3304
_d3304